000 00704nam a2200181Ia 4500
008 151018s9999 xx 000 0 und d
082 _bRBASDV60366
_a891.434
100 _aरामनारायण धुर्वे
245 _aभरभरी लोकगाथा की परंपरा
250 _b1
260 _bमित्तल एंड सन्स
_c2010
300 _a199
600 _aरामनारायण धुर्वे
630 _aभरभरी लोकगाथा की परंपरा
700 _aरामनारायण धुर्वे
730 _aभरभरी लोकगाथा की परंपरा
942 _cBOOK
999 _c1053906
_d1053903